| 000 | 00456cam a2200181ua 4500 | ||
|---|---|---|---|
| 001 | 11018 | ||
| 008 | 160319n II |||gr||||Z||||||eng | ||
| 040 | _aMAIN | ||
| 041 | _aEnglish | ||
| 082 | _a920 SWA | ||
| 100 | _aSWAMI VIVEKANANDA. | ||
| 245 | _aBUDDHA AND HIS MESSAGE | ||
| 260 |
_aKOLKATA: _bADVAITA ASHRAMA, _c2012. |
||
| 300 |
_a80: _c12CM. |
||
| 653 | _aBiography, genealogy & insignia | ||
| 700 |
_aSWAMI VIVEKANANDA., _eAUTHOR. |
||
| 942 | _cBK | ||
| 999 |
_c10986 _d10986 |
||